Science Quiz

Random Science or Math Quiz

Area Formulas Quiz Stats

 Plays Quiz Updated Jun 8, 2019

Score 0/10 Timer 05:00
4 Plays Today
Question Answer Wrong Answers
Square
91.5%
1.3%
2bπ
1.2%
b²/2
1.4%
Rectangle bh
88.9%
b²/h
1.4%
b²h/2
1.5%
(b+h)²
3.3%
Circle πr²
83.9%
2πr
6.2%
2r²
3.6%
r²/2
1.8%
Triangle bh/2
83.4%
bh²
4.8%
bh
5%
πbh
1.5%
Trapezoid/Trapezium h(b₁+b₂)/2
70.2%
b₁b₂h/2
10.9%
cd²/(b₁+b₂)
7%
b₁b₂h
6.3%
Parallelogram bh
60.7%
2b²/h
6.6%
(b+h)²/2
10.5%
h(b+h)/2
16.4%
Ellipse πab
58.3%
ab²
7%
πa²
10.2%
ab/π
18.9%
Regular Pentagon 5ba/2
47.6%
5a²/b
17%
ab²/5
15.4%
5ba
13.9%
Rhombus pq/2
38.7%
2p+2q
16.7%
p²/2
6.1%
(p+q)²/2
32.3%
Sector (θ/2)r²
33.3%
πr²
4.1%
πr²/2
10.5%
πr²/θ
46.1%

You're not logged in!

Compare scores with friends on all Sporcle quizzes.
OR
Log In

Sporcle TV

Today on Sporcle TV


Watch our educational content, quiz creation guides, and fun videos on Sporcle TV.

Show Comments

Extras

Top Quizzes Today


Score Distribution

Your Account Isn't Verified!

In order to create a playlist on Sporcle, you need to verify the email address you used during registration. Go to your Sporcle Settings to finish the process.

Report this User

Report this user for behavior that violates our Community Guidelines.

Details: